| 000 | 00619nam a22001697a 4500 | ||
|---|---|---|---|
| 999 |
_c18715 _d18715 |
||
| 008 | 240122b ||||| |||| 00| 0 eng d | ||
| 020 | _a9789719655053 | ||
| 082 |
_22023 _aDFil 004.019 _bR32 |
||
| 100 |
_aRevano, Teodoro F. _940394 |
||
| 245 |
_aIntroduction to human computer interaction / _cTeodoro F. Revano and Charlemagne G Laviña. |
||
| 260 |
_aManila : _bMindshapers CO., Inc., _c©2023. |
||
| 300 |
_aviii, 344 pages : _billustrations ; _c25 cm. |
||
| 500 | _aIncludes bibliography. | ||
| 650 |
_aHuman _xComputer interaction. _951173 |
||
| 700 |
_aLaviña, Charlemagne G. _eauthor. _950761 |
||
| 942 |
_2ddc _cDFIL |
||